Представление документа в формате RUSMARC

ПолеНазваниеЗначение
  Тип записи a
  Библиографический уровень m
001 Контрольный номер RU/IS/BASE/273602973
005 Дата корректировки 20201206203957.1
010 Индекс ISBN __
a ISBN 5-89129-013-8
d Цена 40-00
101 Язык документа __
a Язык текста ger
200 Заглавие и сведения об ответственности __
a Заглавие Bitte Deutsch!
e Сведения, относящиеся к заглавию Bei Freunden zu besuch, oder 6 Tage in Europa
f Первые сведения об ответственности A. Berditchevski
b Общее обозначение материала Текст
210 Выходные данные __
a Место издания М.
c Издательство Материк
c Издательство Альфа
d Дата издания 2000
215 Физическое описание __
a Объем 176 с.
330 Аннотация __
a Аннотация Данное пособие сроится на принципах интенсивного обучения иностранному языку. Лексический материал полилогов активизируется в следующих за ним упражнениях, которые необходимо выполнить в той последовательности, которая предлагается в пособии.
517 Другие варианты заглавия __
a Другие варианты заглавия Пожалуйста, по-немецки!: В гостях у друзей, или 6 дней в Европе
606 Тематические рубрики __
a Основная рубрика Германские языки
a Основная рубрика Языкознание
610 Ключевые слова __
a Ключевые слова частное языкознание; немецкий язык; интенсивное обучение
686 Индексы других классификаций __
a Классификационный индекс 81.2Нем
700 Автор _1
a Фамилия Berditchevski
b Имя A.
4 Код отношения 070
801 Источник записи _0
a Страна RU
b Организация Муниципальное бюджетное учреждение культуры "Централизованная библиотечная система" г. Сургут (Центральная городская библиотека им. А. С. Пушкина)
g Правила каталогизации ОИЛ/Рутковская
801 Источник записи _1
a Страна RU
b Организация Муниципальное бюджетное учреждение культуры "Централизованная библиотечная система" г. Сургут (Центральная городская библиотека им. А. С. Пушкина)
g Правила каталогизации ОИЛ/Рутковская
852 Данные о местонахождении __
j Шифр хранения 81.2Нем
c Каталожный индекс 81.2Нем
i Авторский знак B 45
901 Тип документа __
t Тип документа m
903 Характеристики (МАРС) __
a Дата передачи 20020310
990 Данные о заказе (DOS) __
j Количество экземпляров (DOS) 1
t N записи в КСУ для И/У (DOS) 200204